000 00473nam a22001697a 4500
005 20251108175029.0
008 250721s2010 xx 000 0 ara d
082 1 4 _aق/ناص
100 1 _aناصر، أمجد
245 1 0 _aحيث لا تسقط الأمطار /
264 1 _aبيروت :
_bدار الآداب،
_c2010.
300 _a263ص.
650 1 7 _aالادب العربي
650 1 7 _aالروايات العربية
942 _2ddc
_cBK
999 _c124367
_d124367